Central Library OPAC University of Rajshahi
Normal view MARC view

Entry Personal Name

Number of records used in: 2

001 - CONTROL NUMBER

  • control field: 15157

003 - CONTROL NUMBER IDENTIFIER

  • control field: BD-RjUL

005 - DATE AND TIME OF LATEST TRANSACTION

  • control field: 20250309150613.0

008 - FIXED-LENGTH DATA ELEMENTS

  • fixed length control field: 250309|| aca||aabn | a|a d

040 ## - CATALOGING SOURCE

  • Original cataloging agency: BD-RjUL
  • Transcribing agency: BD-RjUL

100 ## - HEADING--PERSONAL NAME

  • Personal name: Jewett,Sarah Orne

670 ## - SOURCE DATA FOUND

  • Source citation: Work cat.: (BD-RjUL)84762: Jewett,Sarah Orne , The country of the pointed firs : , 1927,1955